Normal view
MARC view
Entry Personal Name
001 - CONTROL NUMBER
- control field: 1448
003 - CONTROL NUMBER IDENTIFIER
- control field: OSt
005 - DATE AND TIME OF LATEST TRANSACTION
- control field: 20191212103851.0
008 - FIXED-LENGTH DATA ELEMENTS
- fixed length control field: 191212|| aca||aabn | a|a d
040 ## - CATALOGING SOURCE
- Original cataloging agency: OSt
- Transcribing agency: OSt
100 ## - HEADING--PERSONAL NAME
- Personal name: Rédey Zoltán
670 ## - SOURCE DATA FOUND
- Source citation: Work cat.: (OSt): Rédey Zoltán, Krátka správa o dlhej trase osamelého beo?ca, 2019